| 000 | 00959nam a2200265Ia 4500 | ||
|---|---|---|---|
| 003 | OSt | ||
| 005 | 20220930072719.0 | ||
| 006 | a|||||r|||| 00| 0 | ||
| 007 | ta | ||
| 008 | 220926b |||||||| |||| 00| 0 eng d | ||
| 024 | _a24833 | ||
| 037 | _cTheses | ||
| 040 |
_aCRL _cCRL _beng |
||
| 041 |
_2eng _aeng |
||
| 100 |
_aGhosh Siddharthasankar _9530323 |
||
| 110 |
_aUniversity of Delhi. Faculty of Medical Sciences. Department of Otorhinolaryngology _9519799 |
||
| 245 | 0 | _aEvaluation of clinicopathological features and various treatment modalities of nose and paranasal sinus malignancies | |
| 260 | _c1998 | ||
| 300 |
_a51p. _ap. _ccm. |
||
| 650 |
_aHEAD - DISEASES _9200017 |
||
| 700 |
_a Dr V P Venkatachalam Supervisor _9529981 |
||
| 700 |
_aUniversity of Delhi. Faculty of Medical Sciences. Department of Otorhinolaryngology _9519801 |
||
| 942 |
_cDIS _2CC |
||
| 999 |
_c864235 _d864235 |
||